Cơ sở hoá học hữu cơ
Kaydedildi:
| Yazar: | |
|---|---|
| Materyal Türü: | Kitap |
| Etiketler: |
Etiketle
Etiket eklenmemiş, İlk siz ekleyin!
|
| Thư viện lưu trữ: | Mạng thư viện Đại học Đà Nẵng |
|---|
| LEADER | 00638nam a2200205 4500 | ||
|---|---|---|---|
| 001 | 000008405 | ||
| 003 | 4593 | ||
| 005 | 20150812140834.0 | ||
| 008 | 111017s sd | ||
| 100 | 0 | |a Trần Quốc Sơn | |
| 245 | 0 | 0 | |a Cơ sở hoá học hữu cơ |c Trần Quốc Sơn |
| 774 | |a Trần Quốc Sơn |d H. |d Giáo dục |d 1999 |g T.1 |h 143tr : hình vẽ |n ĐTTS ghi: Bộ Giáo dục và Đào tạo |o KM.007723 |w 4592 | ||
| OWN | |a LSP | ||
| 999 | |a From the UDN01 | ||
| TYP | |a Monograph | ||
| TYP | |a Printed language | ||
| 980 | |a Mạng thư viện Đại học Đà Nẵng | ||